000 00409 a2200121 4500
001 ART_47189
005 20260410161850.0
008 260409a
245 1 0 _aCapital humano y externalidades de la educación. Efectos en el crecimiento argentino (1913-1984)
100 1 _aDulitzky, Daniel
700 1 _aPorto, Guido G.
773 0 _tEconómica
_g- Año XXXIX, Nº 1/2 (ene. 1993)
_wREV7541
999 _c24952
_d24952